Wird geladen...

Kahani ke paas : dairy, charcha, samvad/

Bibliographische Detailangaben
1. Verfasser: Shashank
Format: Printed Book
Veröffentlicht: Ananya Prakashan, Newdelhi: 2018.
Schlagworte:
LEADER 00774 a2200193 4500
020 |a 9789387145580 
082 |a H803  |b SHA/K 
100 |a Shashank  |9 109564 
245 |a Kahani ke paas : dairy, charcha, samvad/  |c by Shashank 
260 |b Newdelhi:  |a Ananya Prakashan,  |c 2018. 
300 |a 264p. 
650 |a Memoirs Shashank  |9 109565 
650 |a Memoirs Hindi  |9 109566 
650 |a Literature Hindi  |9 109567 
650 |a Literature  |9 109568 
942 |c BK 
999 |c 140043  |d 140043 
952 |0 0  |1 0  |4 0  |6 H_803_000000000000000_SHA_K  |7 0  |9 96731  |a SSUS  |b SSUS  |c STACKS  |d 2019-02-07  |g 525.00  |o H803 SHA/K  |p 093348  |r 2019-02-07  |w 2019-02-07  |y BK 
952 |0 0  |1 0  |2 ddc  |4 0  |6 H_803_000000000000000_SHA_K  |7 0  |9 103692  |a SSUS  |b SSUS  |c STACKS  |d 2020-09-30  |g 525.00  |o H803 SHA/K  |p 100673  |r 2020-09-30  |w 2020-09-30  |y BK